The new marketing
Uloženo v:
| Hlavní autor: | |
|---|---|
| Médium: | Kniha |
| Jazyk: | angličtina |
| Vydáno: |
Nueva York
MacMillan
1976
|
| Témata: | |
| Tagy: |
Přidat tag
Žádné tagy, Buďte první, kdo vytvoří štítek k tomuto záznamu!
|
MARC
| LEADER | 00000nam a2200000 a 4500 | ||
|---|---|---|---|
| 001 | UCQ1803 | ||
| 003 | CL-VaPUC | ||
| 008 | 980721e19760000US |||||||||||||||||eng|d | ||
| 082 | 0 | 4 | |a 658.8 |b FUL |2 21 |
| 100 | 0 | |a Fulmer, Robert M |e author |9 415640 | |
| 245 | 1 | 4 | |a The new marketing |
| 300 | |a 578 p | ||
| 942 | |c BK | ||
| 945 | |d 19980721 00:00:00 |a cmena | ||
| 260 | |a Nueva York |b MacMillan |c 1976 | ||
| 650 | 0 | |a Marketing |9 259324 | |
| 650 | 7 | |a PRODUCTOS |2 CL-VaPUC |9 338640 | |
| 650 | 0 | |a Consumidores |9 315658 | |
| 650 | 0 | |a Investigación de mercado |9 332310 | |
| 650 | 0 | |a Publicidad |9 314572 | |
| 650 | 7 | |a PLANIFICACION Y CONTROL |2 CL-VaPUC |9 415641 | |
| 650 | 7 | |a ESTRATEGIAS |2 CL-VaPUC |9 342878 | |
| 650 | 0 | |a Aspectos sociales |9 254894 | |
| 583 | |a last modification |c 19980721 00:00:00 |k Rodrigo Vera | ||
| 999 | |c 272647 |d 272645 | ||
| 952 | |0 0 |1 0 |4 0 |6 658_800000000000000_FUL_1976 |7 0 |8 A |9 307766 |a BIBGIM |b BIBGIM |d 2019-11-20 |i 1441256 |o 658.8 FUL 1976 |p 1441256 |r 2025-01-15 |w 2019-11-20 |y BK |k COM | ||